FREDLOADS GARDENING TIPS OF A LIFETIME (Record no. 581389)

000 -LEADER
fixed length control field 00245nam a22001097a 4500
020 ## - INTERNATIONAL STANDARD BOOK NUMBER
International Standard Book Number 0-600-38795-X
082 ## - DEWEY DECIMAL CLASSIFICATION NUMBER
Classification number 635 FRE'D
245 ## - TITLE STATEMENT
Title FREDLOADS GARDENING TIPS OF A LIFETIME
260 ## - PUBLICATION, DISTRIBUTION, ETC.
Place of publication, distribution, etc. LONDON
Name of publisher, distributor, etc. HAMLYN
Date of publication, distribution, etc. 1980
300 ## - PHYSICAL DESCRIPTION
Extent 175P
942 ## - ADDED ENTRY ELEMENTS (KOHA)
Koha item type Book
Holdings
Withdrawn status Lost status Damaged status Not for loan Permanent Location Current Location Shelving location Date acquired Total Checkouts Full call number Barcode Date last seen Price effective from Koha item type
        College of Electrical & Mechanical Engineering (CEME) College of Electrical & Mechanical Engineering (CEME) General Stacks 05/25/2017   635 FRE'D CEME-12259 06/28/2021 06/28/2021 Book
© 2023 Central Library, National University of Sciences and Technology. All Rights Reserved.